1165 1724 1740 1452 1642 1750 1581 1650 1032 1355 1588 1336 1300 1513 1012 1722 1671 1133 1736 1034 1122 1846 1692 1918 1016 1795 1220 1855 1212 1623 1723 1403 1791 1804 1120 1904 1622 1948 1245 1038 1138 1866 1964 1878 1088 1401 1846 1203 1339 1162 1845 1704 1815 1780 1516 1320 1650 1011 1907 1789 1391 1806 1993 1873 1015 1792 1101 1326 1146 1976 1923 1316 1482 1185 1218 1384 1163 1846 1198 1488 1754 1073 1776 1771 1505 1585 1041 2000 1230 1913 1159 1057 1485 1480 1621 1898 1248 1229 1370 BCNSPRNW ULIB Ver.6.0+V

เปลี่ยนเป็นภาษาไทย

Change to English
 แสดงรายละเอียดบรรณานุกรม
  กลับหน้าหลัก

Brief Record : Get Marc (ISO 2709) : E-mail record : QR code < ปิดหน้าต่าง
LEADER : 00000nas 2200000uu 4500
001    13399125913
003     ULIB
008    170927s2560||||th 000 0 tha d
022 0  ^a01257021
245 00 ^aวารสารพยาบาลศาสตร์และสุขภาพ=Journal of Nursing Science and Health/^bคณะพยาบาลศาสตร์ มหาวิทยาลัยขอนแก่น
310    ^aรายสามเดือน
850 ^a ULIB^bปีที่ 40 ฉบับที่ 2 ฉ.1 ;ปีที่ 40 ฉบับที่ 3 ฉ.1 ;ปีที่ 40 ฉบับที่ 4 ฉ.1
945    ^p0^l0^i904646
945    ^p0^l0^i904740
945    ^p0^l0^i904876
999    ^aประนอม เกษจรัล
รายการนี้ยังไม่มีแท็ก
คุณยังไม่ได้ล็อกอิน คุณสามารถมีกิจกรรมร่วมกับเว็บไซต์ได้ แต่ต้องล็อกอินก่อน ::
  ล็อกอิน

รายการสื่อสารสนเทศ (วารสาร)

ดูแบบ: กล่อง รายการ
ARRIVED
ปีที่ 40 ฉบับที่ 2 ฉ.1
สถานที่: ห้องสมุดวิทยาเขตสวรรค์ประชารักษ์ >หนังสือพิมพ์
ARRIVED
ปีที่ 40 ฉบับที่ 3 ฉ.1
สถานที่: ห้องสมุดวิทยาเขตสวรรค์ประชารักษ์ >วารสาร
ARRIVED
ปีที่ 40 ฉบับที่ 4 ฉ.1
สถานที่: ห้องสมุดวิทยาเขตสวรรค์ประชารักษ์ >หนังสือพิมพ์

BibComment


ยังไม่เคยถูกคอมเมนท์

คอมเมนท์ทรัพยากรรายการนี้
  คอมเมนท์: วารสารพยาบาลศาสต..


 Copyright 2026. Bcnsprnw @Library